000 00310nam a2200121Ia 4500
008 190216s9999||||xx |||||||||||||| ||und||
100 _aRobert N Anthony
245 0 _aAccounting Text And Cases
260 _bTata Mcgraw-Hill Education Private Limited
_c2010
300 _a931
650 _aCommerce
942 _cBK
999 _c7709
_d7709